000 00753nam a22002537a 4500
999 _c7441
_d7441
003 AR-CdUCM
008 190320b ||||| |||| 00| 0 spa d
020 _a84-395-6219-5
040 _aMUNICIPALIDAD PROVINCIAL DEL CUSCO
_cBIBLIOTECA MUNICIPAL DEL CUSCO
082 _a912 /
_bM12
110 _aRand McNally & Company
_920984
245 _aAtlas del mundo /
260 _aMadrid :
_bPlaneta DeAgostini :
_c1998.
300 _a247 páginas ;
_bMapas,
_c36 cm.
500 _aHojas sueltas
505 _aContenido : principalmente mapas
650 _aMapas del Mundo
_920985
650 _aAtlas
_93723
650 _aGeografía
_9318
700 _aBegoña Robles
_920986
700 _aLluís Solé
_920987
942 _2ddc
_cLIBROS
945 _admma